Bytový dom

Guardado en:
Detalles Bibliográficos
Autor principal: Grófová, Veronika (Autor)
Otros Autores: Hartman, Peter (Orientador)
Formato: Manuscrito Libro
Lenguaje:eslovaco
Publicado: 2016
Materias:
Acceso en línea:http://is.stuba.sk/zp/portal_zp.pl?podrobnosti=99694
https://opac.crzp.sk/?fn=detailBiblioForm&sid=CAF43C23BCEFEBA4B8CD19BCB6F5
Etiquetas: Agregar Etiqueta
Sin Etiquetas, Sea el primero en etiquetar este registro!

MARC

LEADER 00000ntm a22000003a 4500
001 stuzp56195
003 SK-STU
005 20230619135414.2
007 ta
008 150427s2015----xo-----f-mn---000-0-slo-d
040 |a STU  |b slo 
041 0 |a slo 
100 1 |a Grófová, Veronika  |u 010180  |4 aut  |U SvF Stavebná fakulta  |T SvF Katedra konštrukcií pozemných stavieb  |X 55476  |U V180  |Y 18  |7 55476 
242 0 1 |a The block building  |y eng 
245 1 0 |a Bytový dom 
260 |c 2016 
650 4 |a Polyfunkcia  |2 slo 
650 4 |a Bytový dom  |2 slo 
650 4 |a Inžinierske siete  |2 slo 
650 4 |a Multifunctional  |2 eng 
650 4 |a Block building  |2 eng 
650 4 |a Engineering networks  |2 eng 
700 1 |a Hartman, Peter  |u 010180  |k Z3  |4 ths  |U SvF Stavebná fakulta  |T SvF Katedra konštrukcií pozemných stavieb  |X 39278  |U V180  |Y 18  |7 A000039278 
856 4 |u http://is.stuba.sk/zp/portal_zp.pl?podrobnosti=99694 
856 4 |u https://opac.crzp.sk/?fn=detailBiblioForm&sid=CAF43C23BCEFEBA4B8CD19BCB6F5 
SQL |a stuzp56195  |b DBP  |c SLO  |d Bytový dom  |e 55476  |f Grófová, Veronika  |g 010180  |h 39278  |i Hartman, Peter  |j 20160622  |k 4  |l 01  |m http://is.stuba.sk/zp/portal_zp.pl?podrobnosti=99694  |n B-PSA  |o 5.1.4. pozemné stavby, 5.1.1. architektúra a urbanizmus